Dallo stadio alla squadra - Statistics

Statistiche generali
  • Questo quiz è stato fatto 63 volte
  • Il punteggio medio è 18 su 20
Statistiche sulle risposte
STADIO SQUADRA/E % Corretto
Diego Armando Maradona Napoli
100%
Artemio Franchi Fiorentina
98%
Old Trafford Manchester United
98%
Renato Dallara Bologna
96%
Santiago Bernabeu Real Madrid
96%
Mapei Stadium Sassuolo
96%
Parco dei principi PSG/Paris
95%
San Nicola Bari
93%
Stamford Bridge Chelsea
93%
Luigi Ferraris Sampdoria/Genoa
91%
Johan Cruijff Arena Ajax
89%
Renzo Barbera Palermo
89%
do Dragao Porto
89%
Wanda Metropolitano Atletico Madrid
88%
Velodrome Marsiglia/OM
88%
Ennio Tardini Parma
86%
Emirates Stadium Arsenal
84%
Bentegodi Hellas/Chievo
84%
Westfalenstadion BVB/Borussia Dortmund
77%
Geōrgios Karaiskakīs Olympiakos
55%
Nessun quiz corrispondente trovato
Distribuzione punteggi
Percentuale di utenti per punteggio
Percentile per numero di risposta
I tuoi punteggi nel tempo
Non hai fatto questo quiz